Pays aléatoires par Drapeau et Première lettre - Mort Subite - Statistiques

Statistiques générales
  • Ce quiz a été pris 8 296 fois
  • Le résultat moyen est 7 sur 20
Statistiques - réponses
Par images Réponse % Correct
Israël
50%
Cuba
49%
Grèce
49%
Brésil
48%
Corée du Nord
48%
Turquie
48%
Belgique
47%
Italie
47%
Népal
47%
Portugal
47%
Tunisie
47%
Espagne
46%
Géorgie
46%
Jamaïque
46%
Afrique du Sud
45%
Algérie
45%
Canada
45%
États-Unis
45%
Inde
45%
Pays-Bas
45%
Vatican
45%
Bosnie-Herzégovine
44%
Finlande
44%
Maroc
44%
République Tchèque
44%
Chypre
43%
Croatie
43%
République Démocratique du Congo
43%
Russie
43%
Taïwan
43%
Chine
42%
Royaume-Uni
42%
Suisse
42%
Tchad | Roumanie
42%
Allemagne
41%
Japon
41%
Kazakhstan
41%
Nigeria
41%
Albanie
40%
Macédoine du Nord
40%
Saint-Marin
40%
Autriche
39%
Corée du Sud
39%
Danemark
39%
Islande
39%
Kenya
39%
Slovaquie
39%
Arabie Saoudite
38%
Argentine
38%
Barbade
38%
Fidji
38%
Kosovo
38%
Liechtenstein
38%
Luxembourg
38%
Mexique
38%
Sri Lanka
38%
Suède
38%
Afghanistan
37%
France
37%
Haïti
37%
Monténégro
37%
Thaïlande
37%
Australie
36%
Colombie
36%
Iran
36%
Irlande
36%
Liban
36%
Tchad | Roumanie
36%
Ukraine
36%
Bangladesh
35%
Lesotho
35%
Libye
35%
Mongolie
35%
Niger
35%
Ouganda
35%
Uruguay
35%
Égypte
34%
Irak
34%
Mauritanie
34%
Norvège
34%
Pakistan
34%
Pologne
34%
Seychelles
34%
Zambie
34%
Angola
33%
Azerbaïdjan
33%
Bahamas
33%
Brunei
33%
Burundi
33%
Cambodge
33%
Estonie
33%
Gabon
33%
Lettonie
33%
Malte
33%
Panama
33%
Sénégal
33%
Somalie
33%
Togo
33%
Venezuela
33%
Viêt Nam
33%
Bhoutan
32%
Botswana
32%
Bulgarie
32%
Chili
32%
Érythrée
32%
Éthiopie
32%
Pérou
32%
Philippines
32%
Tonga
32%
Arménie
31%
Ghana
31%
Malaisie
31%
Qatar
31%
Slovénie
31%
Tanzanie
31%
Trinité-et-Tobago
31%
Andorre
30%
Cameroun
30%
Côte d'Ivoire
30%
Équateur
30%
Hongrie
30%
Madagascar
30%
Nouvelle-Zélande
30%
Paraguay
30%
Sainte-Lucie
30%
Singapour
30%
Suriname
30%
Syrie
30%
Belize
29%
Biélorussie
29%
Birmanie
29%
Eswatini
29%
Indonésie
29%
Mozambique
29%
République Centrafricaine
29%
Saint-Vincent-et-les-Grenadines
29%
Serbie
29%
Comores
28%
Lituanie
28%
Soudan du Sud
28%
Turkménistan
28%
Yémen
28%
Bahreïn
27%
Bénin
27%
Cap-Vert
27%
États Fédérés de Micronésie
27%
Guatemala
27%
Mali
27%
Rwanda
27%
Samoa
27%
Zimbabwe
27%
Honduras
26%
Kirghizistan
26%
Kiribati
26%
Koweït
26%
Maldives
26%
Moldavie
26%
Ouzbékistan
26%
Sao Tomé-et-Principe
26%
Sierra Leone
26%
Dominique
25%
Grenade
25%
Guinée Équatoriale
25%
Laos
25%
Liberia
25%
République Dominicaine
25%
Saint-Christophe- et-Niévès
25%
Antigua-et-Barbuda
24%
Costa Rica
24%
Djibouti
24%
Maurice
24%
Namibie
24%
Oman
24%
République du Congo
24%
Nauru
23%
Papouasie-Nouvelle-Guinée
23%
Timor Oriental
23%
Guinée-Bissau
22%
Îles Salomon
22%
Jordanie
22%
Malawi
22%
Soudan
22%
Vanuatu
22%
Burkina Faso
21%
Émirats Arabes Unis
21%
Monaco
21%
Nicaragua
21%
Îles Marshall
20%
Palaos
20%
Tadjikistan
20%
Guyana
18%
Tuvalu
18%
Gambie
17%
Bolivie
16%
Salvador
14%
Guinée
13%
Aucun quiz correspondant
Distribution des résultats
% des personnes avec chaque résultat
Percentile par nombre de réponses
Votre historique - résultats
Vous n’avez pas pris ce quiz